| 000 | 00567nam a2200217Ia 4500 | ||
|---|---|---|---|
| 008 | 180523s9999 xx 000 0 und d | ||
| 020 | _a81-7992-094-1 | ||
| 050 | _aMAIN HF 5718.22 | ||
| 050 | _b.G53 2003 | ||
| 100 | _aGladis, Steve. | ||
| 245 | 4 | _aThe Manager's pocket guide to public presentations / | |
| 245 | 0 | _cSteve Gladis. | |
| 260 | _aNew Delhi : | ||
| 260 | _bJaico Publishing, | ||
| 260 | _c2003 | ||
| 300 | _a162 pages : | ||
| 300 | _c18 cm. | ||
| 500 | _aIncludes index. | ||
| 650 | _aBusiness presentations. | ||
| 650 | _xPublic speaking. | ||
| 999 |
_c357227 _d357227 |
||